000 00294nam a22001337a 4500
008 170830b xxu||||| |||| 00| 0 eng d
020 _a9780697270016
041 _aeng
080 _25th
_a070
100 _a40
101 _aMED
245 _aBASIC MEDIA WRITING
_cMENCHER,.M
942 _2udc
_cBK
999 _c25587
_d25587